Strength of Dilating Soil and Load-holding Capacity of Deep Foundations : (Record no. 599613)

MARC details
000 -LEADER
fixed length control field 00532nam a2200193 a 4500
008 - FIXED-LENGTH DATA ELEMENTS--GENERAL INFORMATION
fixed length control field 251201s1995##################000#0#eng##
020 ## - INTERNATIONAL STANDARD BOOK NUMBER
ISBN 9789054101642
082 04 - DEWEY DECIMAL CLASSIFICATION NUMBER
Classification number 624.15136
Item number SOB
100 1# - MAIN ENTRY--AUTHOR NAME
Personal name Sobolevsky, D. Yu,
245 10 - TITLE STATEMENT
Title Strength of Dilating Soil and Load-holding Capacity of Deep Foundations :
260 ## - PUBLICATION, DISTRIBUTION, ETC. (IMPRINT)
Name of publisher CRC Press,
Year of publication 1995.
300 ## - PHYSICAL DESCRIPTION
Number of Pages 254 pages
650 #0 - SUBJECT ADDED ENTRY--TOPICAL TERM
Topical Term Technology & Engineering.
942 ## - ADDED ENTRY ELEMENTS (KOHA)
Koha item type English Books
Holdings
Withdrawn status Lost status Damaged status Not for loan Home library Current library Shelving location Date acquired Full call number Accession Number Price effective from Koha item type
        Anna Centenary Library Anna Centenary Library 6TH FLOOR, A WING 01.12.2025 624.15136 SOB 171506 01.12.2025 English Books

Find us on the map